[Event "FIN-ch (Women)"]
[Site "Helsinki"]
[Date "2022.04.20"]
[Round "6"]
[White "Nazarova, Anastasia"]
[Black "Dannenberg, Alia"]
[Result "1-0"]
[WhiteElo "2137"]
[BlackElo "1896"]
[PlyCount "61"]
[EventDate "2022.04.15"]
[EventType "tourn"]
[EventRounds "9"]
[EventCountry "FIN"]
[SourceTitle "CBM 208 Extra"]
[Source "ChessBase"]
[SourceDate "2022.07.31"]
[SourceVersion "1"]
[SourceVersionDate "2022.07.31"]
[SourceQuality "1"]

1. e4 c5 2. Nf3 d6 3. Bb5+ Nc6 4. c3 Bd7 5. 0-0 g6 6. d4 cxd4 7. cxd4 Bg7 8. Nc3 a6 9. Bc4 e6 10. d5 Na5 11. dxe6 Bxe6 12. Bxe6 fxe6 13. Ng5 Qd7 14. e5 h6 15. Nge4 Bxe5 16. f4 Bg7 17. f5 0-0-0 18. fxg6 Nc6 19. Be3 Be5 20. Rf7 Nge7 21. h4 h5 22. Bg5 Rdf8 23. g7 Rxf7 24. gxh8Q+ Bxh8 25. Nxd6+ Kc7 26. Nxf7 Bd4+ 27. Kh2 Nf5 28. Qxh5 Kb6 29. g3 Bf2 30. Ne4 Qd4 31. Qe2 1-0

[Event "FIN-ch (Women)"]
[Site "Helsinki"]
[Date "2022.04.19"]
[Round "5"]
[White "Rinne, Heini"]
[Black "Nazarova, Anastasia"]
[Result "0-1"]
[WhiteElo "1853"]
[BlackElo "2137"]
[PlyCount "68"]
[EventDate "2022.04.15"]
[EventType "tourn"]
[EventRounds "9"]
[EventCountry "FIN"]
[SourceTitle "CBM 208 Extra"]
[Source "ChessBase"]
[SourceDate "2022.07.31"]
[SourceVersion "1"]
[SourceVersionDate "2022.07.31"]
[SourceQuality "1"]

1. b3 d5 2. Bb2 c5 3. e3 Nf6 4. Nf3 Nc6 5. Bb5 Bg4 6. h3 Bxf3 7. Bxc6+ bxc6 8. Qxf3 Qc7 9. d3 e5 10. Qg3 Nd7 11. Nd2 g6 12. 0-0 Bg7 13. e4 0-0 14. Qf3 f5 15. Qe2 Rae8 16. c4 Qd6 17. Rad1 Nf6 18. Ba3 Rf7 19. Nf3 Nh5 20. Bc1 Qd7 21. Qc2 fxe4 22. Nh2 exd3 23. Qxd3 e4 24. Qe2 d4 25. Ng4 Nf4 26. Bxf4 Rxf4 27. Qd2 Rff8 28. Qa5 h5 29. Ne3 Qe7 30. Nc2 d3 31. Ne3 Bd4 32. Qd2 Qg5 33. a3 Rxf2 34. Rxf2 Bxe3 0-1

[Event "FIN-chT 2022"]
[Site "Finland"]
[Date "2022.03.12"]
[Round "5.6"]
[White "Nazarova, Anastasia"]
[Black "Pelto, Juho"]
[Result "1-0"]
[WhiteElo "2157"]
[BlackElo "2071"]
[PlyCount "55"]
[EventDate "2020.09.12"]
[EventType "team-tourn"]
[EventRounds "11"]
[EventCountry "FIN"]
[SourceTitle "EXT 2023"]
[Source "ChessBase"]
[SourceDate "2022.10.05"]
[SourceVersion "1"]
[SourceVersionDate "2022.10.05"]
[SourceQuality "1"]
[WhiteTeam "Espoo MatSK"]
[BlackTeam "Salo SalSK"]
[WhiteTeamCountry "FIN"]
[BlackTeamCountry "FIN"]

1. e4 c5 2. Nf3 Nc6 3. d4 cxd4 4. Nxd4 g6 5. c4 Bg7 6. Be3 Nf6 7. Nc3 0-0 8. Be2 b6 9. 0-0 Bb7 10. f3 e6 11. Ndb5 Ne8 12. Qd2 a6 13. Na3 Rb8 14. Rfd1 Bc8 15. Rac1 f5 16. f4 fxe4 17. Nxe4 Bb7 18. Bf3 d5 19. cxd5 exd5 20. Ng5 Ne7 21. Ne6 Qd6 22. Nxf8 Kxf8 23. Nc2 Nf6 24. Nd4 Rd8 25. Rc7 Ne4 26. Bxe4 Bxd4 27. Rxb7 Bxe3+ 28. Qxe3 1-0

[Event "Motiva Online Blitz (Women)"]
[Site "Chess.com INT"]
[Date "2021.12.18"]
[Round "6"]
[White "Nazarova, Anastasia"]
[Black "Rogule, Laura"]
[Result "1-0"]
[WhiteElo "2220"]
[BlackElo "2317"]
[PlyCount "79"]
[EventDate "2021.12.18"]
[EventType "swiss (blitz)"]
[EventRounds "13"]
[EventCountry "USA"]
[SourceTitle "CBM 205 Extra"]
[Source "ChessBase"]
[SourceDate "2022.01.31"]
[SourceVersion "1"]
[SourceVersionDate "2022.01.31"]
[SourceQuality "1"]

1. e4 c5 2. Nf3 Nc6 3. d4 cxd4 4. Nxd4 Nf6 5. Nc3 d6 6. Bg5 e6 7. Qd2 a6 8. 0-0-0 Bd7 9. f3 h6 10. Be3 Rc8 11. Kb1 b5 12. Nxc6 Bxc6 13. Ne2 Be7 14. Nd4 Bb7 15. g4 Nd7 16. h4 Ne5 17. Be2 d5 18. Bf4 Nc4 19. Bxc4 bxc4 20. Be5 c3 21. bxc3 Bf6 22. Bxf6 Qxf6 23. g5 Qe7 24. e5 Bc6 25. f4 Qa3 26. Rhg1 Rb8+ 27. Nb3 a5 28. Qc1 Qe7 29. Ka1 a4 30. Nd4 Qc5 31. Rd3 a3 32. gxh6 Rxh6 33. f5 Rb2 34. Rxg7 Bb5 35. Rdg3 Bc4 36. Nb3 Bxb3 37. axb3 exf5 38. Rg8+ Ke7 39. Qxh6 Qf2 40. Qd6# 1-0

[Event "Motiva Online Blitz (Women)"]
[Site "Chess.com INT"]
[Date "2021.12.18"]
[Round "7"]
[White "Unuk, Laura"]
[Black "Nazarova, Anastasia"]
[Result "0-1"]
[WhiteElo "2356"]
[BlackElo "2220"]
[PlyCount "150"]
[EventDate "2021.12.18"]
[EventType "swiss (blitz)"]
[EventRounds "13"]
[EventCountry "USA"]
[SourceTitle "CBM 205 Extra"]
[Source "ChessBase"]
[SourceDate "2022.01.31"]
[SourceVersion "1"]
[SourceVersionDate "2022.01.31"]
[SourceQuality "1"]

1. d4 Nf6 2. c4 g6 3. Nf3 Bg7 4. g3 0-0 5. Bg2 d6 6. 0-0 c6 7. Nc3 Bf5 8. Ne1 e5 9. dxe5 dxe5 10. Qb3 Qb6 11. e4 Be6 12. Qxb6 axb6 13. b3 Nbd7 14. h3 h6 15. Nd3 Rfd8 16. Be3 Ne8 17. Rfd1 Nc7 18. a4 Na6 19. Rac1 Bf8 20. f4 f6 21. fxe5 fxe5 22. Rf1 Kg7 23. Nd1 Nac5 24. N1f2 Nxb3 25. Rc3 Nbc5 26. Nxc5 Nxc5 27. Ng4 Bxg4 28. hxg4 Nxa4 29. Rc2 Bc5 30. Bxc5 Nxc5 31. Rb1 Rd3 32. Rxb6 Rxg3 33. Kh2 Rxg4 34. Rd2 h5 35. Bh3 Rxe4 36. Bg2 Rd4 37. Re2 e4 38. Bh3 Re8 39. Bg2 e3 40. Rbb2 Kh6 41. Bf3 Rxc4 42. Kg2 Rc3 43. Kg3 g5 44. Rh2 h4+ 45. Kh3 Rf8 46. Be2 Rf2 47. Rxf2 exf2+ 48. Kg2 Ne4 49. Rxb7 Rg3+ 50. Kh2 Re3 51. Bc4 Rf3 52. Kg2 Rf4 53. Bf1 Ng3 54. Rc7 Rd4 55. Rxc6+ Kh5 56. Bb5 Rd1 57. Rf6 Rg1+ 58. Kh2 f1Q 59. Bxf1 Rxf1 60. Rxf1 Nxf1+ 61. Kg2 Ne3+ 62. Kf2 Nf5 63. Ke2 g4 64. Kd2 h3 65. Kc2 h2 66. Kd3 h1Q 67. Kc4 Qe4+ 68. Kc5 Qd3 69. Kb6 g3 70. Ka5 g2 71. Kb4 g1Q 72. Ka4 Qgd1+ 73. Kb4 Q1b1+ 74. Ka4 Qdb5+ 75. Ka3 Qa1# 0-1